Basic electrical engineering (Record no. 7166)

000 -LEADER
fixed length control field 00658nam a2200217 4500
001 - CONTROL NUMBER
control field 7166
003 - CONTROL NUMBER IDENTIFIER
control field BD-DhUET
008 - FIXED-LENGTH DATA ELEMENTS--GENERAL INFORMATION
fixed length control field 740521s1975 nyua 001 0 eng
020 ## - INTERNATIONAL STANDARD BOOK NUMBER
International Standard Book Number 0070211523
040 ## - CATALOGING SOURCE
Original cataloging agency DLC
Transcribing agency DLC
Modifying agency BD-DhUET
082 00 - DEWEY DECIMAL CLASSIFICATION NUMBER
Classification number 623
Item number FIT/1975
100 1# - MAIN ENTRY--PERSONAL NAME
Personal name Fitzgerald, A. E.
245 10 - TITLE STATEMENT
Title Basic electrical engineering
Remainder of title circuits,electronics,machines,control
Statement of responsibility, etc. by A. E. Fitzgerald, David E. Higginbotham and Arvin Grabel
250 ## - EDITION STATEMENT
Edition statement 4th ed.
260 ## - PUBLICATION, DISTRIBUTION, ETC. (IMPRINT)
Place of publication, distribution, etc. New York
Name of publisher, distributor, etc. McGraw-Hill
Date of publication, distribution, etc. 1975
300 ## - PHYSICAL DESCRIPTION
Extent xiv, 817 p.
Other physical details illus.
Dimensions 24 cm.
650 #0 - SUBJECT ADDED ENTRY--TOPICAL TERM
Topical term or geographic name as entry element Electricity : Engineering
700 ## - ADDED ENTRY--PERSONAL NAME
Personal name Higginbotham, David E.
700 ## - ADDED ENTRY--PERSONAL NAME
Personal name Grabel, Arvin
942 ## - ADDED ENTRY ELEMENTS (KOHA)
Koha item type General Book
Holdings
Date acquired Shelving location Lost status Copy number Koha item type Location (home branch) Source of classification or shelving scheme Koha full call number Withdrawn status Koha date last seen Koha normalized classification for sorting Piece designation (barcode) Price effective from Not for loan Sublocation or collection (holding branch) Koha date last borrowed Koha issues (times borrowed) Damaged status
2014-12-07Circulation section 1General BookCentral Library, BUET 623/PIT/1975 2018-08-04623PIT1975653642014-12-07 Central Library, BUET2018-07-211 
2015-03-12Circulation section 2General BookCentral Library, BUET 623/PIT/1975 2015-03-12623_000000000000000_PIT_1975433092015-03-12 Central Library, BUET   
2015-03-12Circulation section 3General BookCentral Library, BUET 623/PIT/1975 2015-03-12623_000000000000000_PIT_1975433142015-03-12 Central Library, BUET   
2015-03-12Circulation section 4General BookCentral Library, BUET 623/PIT/1975 2015-03-12623_000000000000000_PIT_1975436762015-03-12 Central Library, BUET   
2015-03-12Circulation section 5General BookCentral Library, BUET 623/PIT/1975 2015-03-12623_000000000000000_PIT_1975428432015-03-12 Central Library, BUET   
2015-04-16Circulation section 6General BookCentral Library, BUET 623/FIT/1975 2015-04-16623_000000000000000_FIT_1975433082015-04-16 Central Library, BUET   
2015-04-18Circulation section 7General BookCentral Library, BUET 623/FIT/1975 2015-04-18623_000000000000000_FIT_1975433162015-04-18 Central Library, BUET   
2015-04-21Circulation section 8General BookCentral Library, BUET 623/FIT/1975 2015-04-21623_000000000000000_FIT_1975433102015-04-21 Central Library, BUET   
2015-04-21Circulation section 9General BookCentral Library, BUET 623/FIT/1975 2015-04-21623_000000000000000_FIT_1975436772015-04-21 Central Library, BUET   
2015-04-21Circulation section 10General BookCentral Library, BUET 623/FIT/1975 2015-04-21623_000000000000000_FIT_1975433132015-04-21 Central Library, BUET   
2015-04-21Circulation section 11General BookCentral Library, BUET 623/FIT/1975 2015-04-21623_000000000000000_FIT_1975433072015-04-21 Central Library, BUET   
2015-04-21Circulation section 12General BookCentral Library, BUET 623/FIT/1975 2015-04-21623_000000000000000_FIT_1975511012015-04-21 Central Library, BUET   
2015-06-28Reading section 13Reading ItemCentral Library, BUET 623/FIT/1975 2015-06-28623_000000000000000_FIT_1975428412015-06-28 Central Library, BUET   
2015-06-28Reading section 14Reading ItemCentral Library, BUET 623/FIT/1975 2015-06-28623_000000000000000_FIT_1975428402015-06-28 Central Library, BUET   
2015-06-28Reading section 15Reading ItemCentral Library, BUET 623/FIT/1975 2015-06-28623_000000000000000_FIT_1975436792015-06-28 Central Library, BUET